Teacher's pet / (Record no. 2697)
[ view plain ]
| 000 -LEADER | |
|---|---|
| fixed length control field | 00955nam a22002777a 4500 |
| 005 - DATE AND TIME OF LATEST TRANSACTION | |
| control field | 20240110101440.0 |
| 020 ## - INTERNATIONAL STANDARD BOOK NUMBER | |
| International Standard Book Number | 076783002500 |
| 040 ## - CATALOGING SOURCE | |
| Original cataloging agency | FISKH |
| Language of cataloging | eng |
| Transcribing agency | FISKH |
| Modifying agency | FISKH |
| 050 ## - LIBRARY OF CONGRESS CALL NUMBER | |
| Classification number | PZ7.S96915 |
| 082 ## - DEWEY DECIMAL CLASSIFICATION NUMBER | |
| Classification number | 813.54 |
| 100 ## - MAIN ENTRY--PERSONAL NAME | |
| Personal name | Suzanne, Jamie |
| 245 ## - TITLE STATEMENT | |
| Title | Teacher's pet / |
| Statement of responsibility, etc. | Sweet Valley Twins ; Written by Jamie Suzanne ; Created by Francine Pascal |
| 260 ## - PUBLICATION, DISTRIBUTION, ETC. | |
| Place of publication, distribution, etc. | New York : |
| Name of publisher, distributor, etc. | Bantam Books, |
| Date of publication, distribution, etc. | 1986 |
| 300 ## - PHYSICAL DESCRIPTION | |
| Extent | 103 pages : |
| Dimensions | 20cm |
| 490 ## - SERIES STATEMENT | |
| Series statement | Sweet Valley Twins ; |
| Volume/sequential designation | Book 2 |
| 505 ## - FORMATTED CONTENTS NOTE | |
| Formatted contents note | F |
| 520 ## - SUMMARY, ETC. | |
| Summary, etc. | Elizabeth and Jessica Wakefield, twin sisters and the best dancers in their ballet class, both want to dance the solo in the class recital; but Jessica is convinced Elizabeth will get it because she is the teacher's pet. |
| 521 ## - TARGET AUDIENCE NOTE | |
| Target audience note | 390 |
| Source | Lexile |
| 521 ## - TARGET AUDIENCE NOTE | |
| Target audience note | F |
| Source | Raz-Plus |
| 650 ## - SUBJECT ADDED ENTRY--TOPICAL TERM | |
| Topical term or geographic name entry element | Dance |
| 650 ## - SUBJECT ADDED ENTRY--TOPICAL TERM | |
| Topical term or geographic name entry element | Dance Performance |
| 650 ## - SUBJECT ADDED ENTRY--TOPICAL TERM | |
| Topical term or geographic name entry element | School Recital |
| 700 ## - ADDED ENTRY--PERSONAL NAME | |
| Personal name | Pascal, Francine |
| Relator term | Creator |
| 942 ## - ADDED ENTRY ELEMENTS (KOHA) | |
| Source of classification or shelving scheme | Dewey Decimal Classification |
| Koha item type | Books |
| Suppress in OPAC | No |
| 999 ## - | |
| -- | 2697 |
| -- | 2697 |
| Withdrawn status | Lost status | Source of classification or shelving scheme | Damaged status | Not for loan | Collection | Home library | Current library | Shelving location | Date acquired | Total Checkouts | Full call number | Barcode | Date last seen | Price effective from | Koha item type |
|---|---|---|---|---|---|---|---|---|---|---|---|---|---|---|---|
| Dewey Decimal Classification | Juvenile Fiction | Footprints International School Library Network Toul Kork Campus | Footprints International School Library Network Toul Kork Campus | 01/10/2024 | SUZ 813.54 PZ7.S96915 | FIS00740 | 01/10/2024 | 01/10/2024 | Books |
